Occupationally mobile scavengers (Record no. 4273)

MARC details
000 -LEADER
fixed length control field 00433nam a2200169Ia 4500
020 ## - INTERNATIONAL STANDARD BOOK NUMBER
ISBN 81-241-0710-6
082 ## - DEWEY DECIMAL CLASSIFICATION NUMBER
Classification number 305.568 CHA-O
100 ## - MAIN ENTRY--AUTHOR NAME
Personal name Chaudhary, S.N.
245 #0 - TITLE STATEMENT
Title Occupationally mobile scavengers
260 ## - PUBLICATION, DISTRIBUTION, ETC. (IMPRINT)
Place of publication New Delhi
Name of publisher Har-Anand Publications
Year of publication 2000
300 ## - PHYSICAL DESCRIPTION
Number of Pages 139
504 ## - BIBLIOGRAPHY, ETC. NOTE
Bibliography, etc includes index and refernces
650 ## - SUBJECT ADDED ENTRY--TOPICAL TERM
Topical Term Ragpickers
650 ## - SUBJECT ADDED ENTRY--TOPICAL TERM
Topical Term Occupational mobility
Geographic subdivision India
650 ## - SUBJECT ADDED ENTRY--TOPICAL TERM
Topical Term Scavengers
942 ## - ADDED ENTRY ELEMENTS (KOHA)
Koha item type Books
Holdings
Withdrawn status Lost status Damaged status Not for loan Home library Current library Date acquired Source of acquisition Bill Date Full call number Accession Number Price effective from Koha item type
        NASSDOC Library NASSDOC Library 25/08/2005 Gifted by : North-East Gender and Minori 2005-05-20 305.568 CHA-O 40853 18/04/2019 Books